000
00257nam a22001097a 4500
041
_a
eng
080
_a
54
090
_b
SCH
100
_a
Schwartz, Julius.
245
_a
Through the Magnifying Glass: Little Things That Make a Big Difference.
999
_c
280856
_d
280856
942
_c
BK